Relaciones energía-economía en Costa Rica y su proyección por modelos Box-Jenkins.
Guardado en:
| Autor principal: | |
|---|---|
| Formato: | Libro |
| Publicado: |
[San José , Costa Rica]
1987
|
| Etiquetas: |
Agregar Etiqueta
Sin Etiquetas, Sea el primero en etiquetar este registro!
|
MARC
| LEADER | 00000nam a2200000Ia 4500 | ||
|---|---|---|---|
| 003 | 004383 | ||
| 005 | 20221231144348.0 | ||
| 008 | 140114s1987 cr a m 000 ||s d | ||
| 040 | |c cru CEDI | ||
| 090 | |a TFG 2014 | ||
| 100 | |a Cubero Rodríguez, Ronald |9 13781 | ||
| 245 | |a Relaciones energía-economía en Costa Rica y su proyección por modelos Box-Jenkins. | ||
| 260 | |c 1987 |a [San José , Costa Rica] | ||
| 300 | |a 202 hojas : ilustraciones | ||
| 500 | |a Proyecto de graduación (bachiller en ingeniería eléctrica)--Universidad de Costa Rica. Facultad de Ingeniería. Escuela de Ingeniería Eléctrica | ||
| 942 | |c TFG | ||
| 999 | |c 20726 |d 20726 | ||
